| 000 | 00760nam a2200205Ia 4500 | ||
|---|---|---|---|
| 008 | 220216s9999 xx 000 0 und d | ||
| 100 | _aThanh Do Kim | ||
| 245 | 0 | _aRecent recommendations of latex harvesting technology and updating on newly adopted techniques in Vietnam rubber industry | |
| 260 | _bIRRDB Workshop on Latex Harvesting Technologies, 5-8 May 2008, Academy Hevea Malaysia, Malaysian Rubber Board, Sungai Buloh, Selangor. | ||
| 650 | _aExploitation practice | ||
| 650 | _aExploitation recommendation | ||
| 650 | _aLatex harvesting technology | ||
| 650 | _aTapping recommendation | ||
| 700 | _aDuc Nguyen Tan | ||
| 700 | _aMy Nguyen Van | ||
| 700 | _aNang Nguyen | ||
| 700 | _aNghia Nguyen Anh | ||
| 856 | _uPapers only | ||
| 942 | _cJS | ||
| 999 |
_c66490 _d66490 |
||